| 000 | 00670nam a2200181 i 4500 | ||
|---|---|---|---|
| 001 | 152097 | ||
| 003 | ES-MaACL | ||
| 005 | 20230906204531.0 | ||
| 008 | 970226s1865 xxk |||| | por d | ||
| 040 |
_aCLM _bspa _cCCPB | SIC |
||
| 130 | 0 |
_aBiblia. _lPortugués. _9119314 |
|
| 245 | 1 | 0 |
_aBiblia sagrada _b: contendo o velho e o novo testamento / _ctraduzido em portuguez segundo a Vulgata Latina por Antonio Pereira de Figueiredo. |
| 260 |
_aLondres : _b[s.n.], _c1865 ( _fNa officina de W. Clowes e Filhos) |
||
| 300 |
_a1222 p. ; _c24 cm. |
||
| 700 | 1 |
_aFigueiredo, Antonio Pereira de. _9127074 |
|
| 852 |
_aES-MaACL _jG-11049 _z-- Enc. piel |
||
| 999 |
_c152097 _d152097 |
||